Introduction to Planning Practice (Record no. 533732)

000 -LEADER
fixed length control field 00379nam a22001337a 4500
020 ## - INTERNATIONAL STANDARD BOOK NUMBER
International Standard Book Number 978-0471985211
040 ## - CATALOGING SOURCE
Transcribing agency MSOHAIL
082 ## - DEWEY DECIMAL CLASSIFICATION NUMBER
Classification number 307.1216
Author Mark ALL
100 ## - MAIN ENTRY--PERSONAL NAME
Personal name Philip Allmendinger (Editor), Alan Prior (Editor), Jeremy Raemaekers
9 (RLIN) 27695
245 ## - TITLE STATEMENT
Title Introduction to Planning Practice
260 ## - PUBLICATION, DISTRIBUTION, ETC.
Place of publication, distribution, etc. New York
Name of publisher, distributor, etc. John Wiley;
Date of publication, distribution, etc. c2000
300 ## - PHYSICAL DESCRIPTION
Extent 439;pxv
942 ## - ADDED ENTRY ELEMENTS (KOHA)
Source of classification or shelving scheme
Koha item type Book
Holdings
Withdrawn status Lost status Source of classification or shelving scheme Damaged status Not for loan Permanent Location Current Location Date acquired Total Checkouts Full call number Barcode Date last seen Price effective from Koha item type
          School of Civil and Environmental Engineering (SCEE) School of Civil and Environmental Engineering (SCEE) 01/17/2020   307.1216 ALL NIT-13065 01/17/2020 01/17/2020 Book
© 2023 Central Library, National University of Sciences and Technology. All Rights Reserved.